MANAGERIAL STATISTICS (Record no. 1236)

MARC details
000 -LEADER
Fixed length control field 00522nam a2200193 4500
003 - CONTROL NUMBER IDENTIFIER
Control field SEACOMMC
005 - DATE AND TIME OF LATEST TRANSACTION
Control field 20250808153138.0
008 - FIXED-LENGTH DATA ELEMENTS--GENERAL INFORMATION
Fixed length control field 250807b |||||||| |||| 00| 0 eng d
020 ## - INTERNATIONAL STANDARD BOOK NUMBER / ISBN
International Standard Book Number 978-9380673455
040 ## - CATALOGING SOURCE
Original cataloging agency SEACOMMC
082 ## - DEWEY DECIMAL CLASSIFICATION NUMBER
Classification number 519.21
Book Number R888M
100 ## - MAIN ENTRY--PERSONAL NAME
Personal name Roychowdhury,S
245 ## - TITLE STATEMENT
Title MANAGERIAL STATISTICS
260 ## - IMPRINT
Place of publication Kolkata
Name of publisher U. N. Dhur & Sons
Date of publication 2016
300 ## - PHYSICAL DESCRIPTION
Page / Vol. No 354p.
600 ## - SUBJECT ADDED ENTRY--PERSONAL NAME
Personal name S. Roychowdhury AND D. Bhattacharya
650 ## - SUBJECT ADDED ENTRY--TOPICAL TERM
Topical term Mathematics - Statistical Analysis - Probability
942 ## - ADDED ENTRY ELEMENTS (KOHA)
Koha item type Books
Holdings
Withdrawn status Lost status Source of classification Damaged status Not for loan Home library Current library Date acquired Total Checkouts Call number Accession number Date last seen Copy number Price effective from Koha item type
    Dewey Decimal Classification     SEACOM MANAGEMENT COLLEGE SEACOM MANAGEMENT COLLEGE 14/11/2018   519.21 R888M M-3108 07/08/2025 1 07/08/2025 Books
    Dewey Decimal Classification     SEACOM MANAGEMENT COLLEGE SEACOM MANAGEMENT COLLEGE 14/11/2018   519.21 R888M M-3109 07/08/2025 2 07/08/2025 Books
    Dewey Decimal Classification     SEACOM MANAGEMENT COLLEGE SEACOM MANAGEMENT COLLEGE 14/11/2018   519.21 R888M M-3110 07/08/2025 3 07/08/2025 Books
    Dewey Decimal Classification     SEACOM MANAGEMENT COLLEGE SEACOM MANAGEMENT COLLEGE 14/11/2018   519.21 R888M M-3111 07/08/2025 4 07/08/2025 Books
    Dewey Decimal Classification     SEACOM MANAGEMENT COLLEGE SEACOM MANAGEMENT COLLEGE 14/11/2018   519.21 R888M M-3112 07/08/2025 5 07/08/2025 Books
    Dewey Decimal Classification     SEACOM MANAGEMENT COLLEGE SEACOM MANAGEMENT COLLEGE 14/11/2018   519.21 R888M M-3113 07/08/2025 6 07/08/2025 Books
    Dewey Decimal Classification     SEACOM MANAGEMENT COLLEGE SEACOM MANAGEMENT COLLEGE 14/11/2018   519.21 R888M M-3114 07/08/2025 7 07/08/2025 Books
    Dewey Decimal Classification     SEACOM MANAGEMENT COLLEGE SEACOM MANAGEMENT COLLEGE 14/11/2018   519.21 R888M M-3115 07/08/2025 8 07/08/2025 Books
    Dewey Decimal Classification     SEACOM MANAGEMENT COLLEGE SEACOM MANAGEMENT COLLEGE 14/11/2018   519.21 R888M M-3116 07/08/2025 9 07/08/2025 Books
    Dewey Decimal Classification     SEACOM MANAGEMENT COLLEGE SEACOM MANAGEMENT COLLEGE 14/11/2018   519.21 R888M M-3117 07/08/2025 10 07/08/2025 Books
© Seacom Engineering College, All rights reserved.    Powered by Koha